Vocabulaire - Mots commençant par un A - Statistiques

Statistiques générales
  • Ce quiz a été pris 45 fois
    15 depuis la dernière actualisation
  • Le résultat moyen est 3 sur 28
Statistiques - réponses
définition A........ % Correct
Mettre bout à bout, joindre par le bout abouter
58%
poche située de part et d'autre de la tête de certains mammifères, entre la joue et la mâchoire, comme chez l'ornithorynque abajoue
33%
Qui relève d’un abbé, d’une abbesse ou d’une abbaye. abbatial
33%
Retirer une partie de la matière d'un relief par une action mécanique ou en changeant son état. Il s'agit donc d'effectuer une ablation pour transformer un matériau de manière progressive. On peut ablater par décomposition, fusion, vaporisation, sublimation ou encore érosion. ablater
33%
famille de plantes dicotylédones dont fait partie l'érable acéracée
33%
bananier originaire des Philippines (Musa textilis) abaca
25%
symptôme décrit en neurologie et en psychiatrie. Elle consiste en l'impossibilité de marcher, à la suite d'une coordination impossible des muscles impliqués dans la marche. abasie
17%
dynastie arabe musulmane qui régna sur le califat abbasside de 750, lorsqu'ils succèdent aux Omeyyades, jusqu'à la chute de Bagdad en 1258 abasside
17%
Mollusque comestible de la famille des Haliotidae, synonyme de ormeau abalone
8%
changement de cap sous l'effet de forces extérieures, et dans le même sens que celles-ci, en se rapprochant du vent arrière abattée
8%
Amas de bois abattu, terrain qui n’est pas complètement essouché abattis
8%
peuple autochtone (membres des Premières nations) faisant partie de la famille linguistique et culturelle algonquienne. abénaquis
8%
parfois aussi appelé cavité cotyloïde , est la cavité articulaire de l'os iliaque chez les tétrapodes acetabulum
8%
acide aminé C3H7NO2 alanine
8%
(Droit féodal) Propriétaire d'un alleu, c'est-à-dire d'une terre non soumise aux droits seigneuriaux. (Droit féodal) Propriété en franc-alleu. allodial
8%
le nom est toujours au féminin pluriel (rognons blancs ou amourettes) est un terme culinaire pour désigner un type d'abats, les testicules de taureau, verrat ou bélier mais plus particulièrement les jeunes béliers, lorsqu'ils sont utilisés dans l'alimentation humaine. animelles
8%
famille de plantes monocotylédones dont fait partie le palmiers arécacée
8%
Produire un phénomène d'érosion sur une surface particulière. ablatir
0%
organite dont la membrane enveloppe partiellement le noyau du spermatozoïde. acrosome
0%
genre d'environ 200 espèces de fougères de la famille des Pteridaceae. adiantum
0%
plante vivace de la famille des Lamiaceae, présente dans toute l'Europe, sauf en Méditerranée agripaume
0%
Règle portant un instrument de visée, pour déterminer les directions, mesurer les angles alidade
0%
espèce minérale composée de sulfate hydraté d'aluminium et de potassium de formule K Al3 (SO4)2 (OH)6 avec des traces de sodium et de fer. Cristaux pouvant atteindre 1 cm. alunite
0%
Matière particulière formant les 85 centièmes de l'ambre gris, duquel on l'extrait par l'alcool bouillant. ambreine
0%
L'insecte issu de cette nymphose est un petit coléoptère brun noirâtre de la famille des charançons anthonome
0%
plantes de la famille des Araceae comportant de 600 à 800 espèces, voire 1 000 espèces: c'est un des genres les plus importants et les plus complexes de la famille anthurium
0%
Homme libre attaché à la personne du roi, chez les Francs. antrustion
0%
minéral composé de carbonate de calcium CaCO3 (avec des traces de Sr, Pb et Zn), c'est donc un polymorphe de la calcite et de la vatérite. aragonite
0%
Aucun quiz correspondant
Distribution des résultats
% des personnes avec chaque résultat
Percentile par nombre de réponses
Votre historique - résultats
Vous n’avez pas pris ce quiz depuis la dernière actualisation